| 000 | 01121aam a2200421a 44500 | ||
|---|---|---|---|
| 008 | 100429s1990 cat | ||
| 017 | _aB-44532-1990 | ||
| 020 | _a8475335950 | ||
| 020 | _a8478754520 | ||
| 041 | _acat | ||
| 080 | _a75.02(038) | ||
| 100 |
_aPedrola i Font, Antoni _966529 |
||
| 245 | _aMaterials, procediments i tècniques pictòriques | ||
| 245 | _cAntoni Pedrola | ||
| 260 | _aBarcelona | ||
| 260 | _bBarcanova | ||
| 260 | _bPublicacions de la Universitat de Barcelona | ||
| 260 | _c1990 | ||
| 300 |
_a220 p. _bil. _c24 cm |
||
| 490 |
_aManuals Universitaris; _v2 |
||
| 500 | _aBibliografia. Il·lustracions | ||
| 520 | _aaprox. 150 | ||
| 546 | _acatalà | ||
| 591 | _a10202 | ||
| 592 | _aObra terminològica | ||
| 593 | _aUB | ||
| 594 | _a10202 | ||
| 650 |
_amaterials _962971 |
||
| 650 |
_apintura _963319 |
||
| 650 |
_atècniques pictòriques _966546 |
||
| 830 |
_aManuals Universitaris; _v2 _973511 |
||
| 901 | _c<1990> | ||
| 902 | _a100429 | ||
| 942 |
_cMO _n0 |
||
| 999 |
_c65468 _d65468 |
||